The secret of guidance : (Record no. 4675)
[ view plain ]
| 000 -LEADER | |
|---|---|
| fixed length control field | 00629nam a2200217Ia 4500 |
| 001 - CONTROL NUMBER | |
| control field | 26898758 |
| 003 - CONTROL NUMBER IDENTIFIER | |
| control field | OCoLC |
| 005 - DATE AND TIME OF LATEST TRANSACTION | |
| control field | 20181211170141.0 |
| 008 - FIXED-LENGTH DATA ELEMENTS--GENERAL INFORMATION | |
| fixed length control field | 921102s1896 ilu 000 0 eng d |
| 040 ## - CATALOGING SOURCE | |
| Original cataloging agency | IDA |
| Transcribing agency | IDA |
| Modifying agency | MAL |
| 082 ## - DEWEY DECIMAL CLASSIFICATION NUMBER | |
| Classification number | 234.8 |
| Item number | M612S |
| 090 ## - LOCALLY ASSIGNED LC-TYPE CALL NUMBER (OCLC); LOCAL CALL NUMBER (RLIN) | |
| Classification number (OCLC) (R) ; Classification number, CALL (RLIN) (NR) | BS2545.H6 |
| Local cutter number (OCLC) ; Book number/undivided call number, CALL (RLIN) | .M4 |
| 092 ## - LOCALLY ASSIGNED DEWEY CALL NUMBER (OCLC) | |
| Classification number | 234.8 |
| Item number | M57s |
| 100 1# - MAIN ENTRY--PERSONAL NAME | |
| Personal name | Meyer, F. B. |
| Fuller form of name | (Frederick Brotherton), |
| Dates associated with a name | 1847-1929. |
| 245 14 - TITLE STATEMENT | |
| Title | The secret of guidance : |
| Remainder of title | a companion volume to Light on life's duties / |
| Statement of responsibility, etc. | by F.B. Meyer. |
| 260 ## - PUBLICATION, DISTRIBUTION, ETC. | |
| Place of publication, distribution, etc. | Chicago : |
| Name of publisher, distributor, etc. | The Moody Press, |
| Date of publication, distribution, etc. | c1896. |
| 300 ## - PHYSICAL DESCRIPTION | |
| Extent | 127p. ; |
| Dimensions | 17 cm. |
| 650 #0 - SUBJECT ADDED ENTRY--TOPICAL TERM | |
| Topical term or geographic name entry element | Holiness. |
| 650 #0 - SUBJECT ADDED ENTRY--TOPICAL TERM | |
| Topical term or geographic name entry element | Sanctification. |
| 942 ## - ADDED ENTRY ELEMENTS (KOHA) | |
| Source of classification or shelving scheme | Dewey Decimal Classification |
| Koha item type | Books |
| Withdrawn status | Lost status | Source of classification or shelving scheme | Damaged status | Not for loan | Collection code | Home library | Current library | Shelving location | Date acquired | Cost, normal purchase price | Total Checkouts | Full call number | Barcode | Date last seen | Price effective from | Koha item type |
|---|---|---|---|---|---|---|---|---|---|---|---|---|---|---|---|---|
| Dewey Decimal Classification | Not For Loan | Non-fiction | Harvest Mission College | Harvest Mission College | General Stacks | 11.12.2018 | 120.00 | 234.8 M612S | 005339 | 11.12.2018 | 11.12.2018 | Books | ||||
| Dewey Decimal Classification | Non-fiction | Harvest Mission College | Harvest Mission College | General Stacks | 03.02.2021 | 234.8 M612S | 011124 | 03.02.2021 | 03.02.2021 | Books |
